Normal view
MARC view
- NADIA HUSSAIN
Entry Personal Name
001 - CONTROL NUMBER
- control field: 72700
003 - CONTROL NUMBER IDENTIFIER
- control field: NUST
005 - DATE AND TIME OF LATEST TRANSACTION
- control field: 20210628204857.0
008 - FIXED-LENGTH DATA ELEMENTS
- fixed length control field: 210628|| aca||aabn | a|a d
040 ## - CATALOGING SOURCE
- Original cataloging agency: NUST
- Transcribing agency: NUST
100 ## - HEADING--PERSONAL NAME
- Personal name: NADIA HUSSAIN
670 ## - SOURCE DATA FOUND
- Source citation: Work cat.: (NUST): NADIA HUSSAIN, TH-SOF-0830-IMPLEMENTATION OF KNOWLEDGE SHARING (KS) IN HIGHER EDUCATION INSTITUTES (HEIS) OF PAKISTAN, 2013
